| 000 | 00730nam a2200205Ia 4500 | ||
|---|---|---|---|
| 008 | 160319s9999 xx 000 0 und d | ||
| 245 | _aKung fu panda / | ||
| 245 | _cDreamWorks Animation presents ; screenplay by Jonathan Aibel & Glenn Berger ; story by Ethan Reiff & Cyrus Voris ; produced by Melissa Cobb ; directed by John Stevenson, Mark Osborne. | ||
| 260 | _aGlendale, CA : | ||
| 260 | _bDreamWorks Animation, | ||
| 260 | _c2006 | ||
| 300 | _a1 videodisc (88 min.) : | ||
| 300 | _bsound., color ; | ||
| 300 | _c4 3/4 in. | ||
| 650 | _aFriendship -- Drama. | ||
| 650 | _aKung fu -- Training -- Drama. | ||
| 650 | _aPandas -- Drama. | ||
| 650 | _aQuests (Expeditions) -- Drama. | ||
| 650 | _aRevenge -- Drama. | ||
| 999 |
_c292549 _d292549 |
||